Biblioteca de Selecciones. (Record no. 115028)

MARC details
000 -LEADER
campo de control de longitud fija 01313nam a2200349 i 4500
001 - NÚMERO DE CONTROL
campo de control 115028
003 - IDENTIFICADOR DE NÚMERO DE CONTROL
campo de control ES-MaACL
005 - FECHA Y HORA DE LA ÚLTIMA TRANSACCIÓN
campo de control 20240418143800.0
007 - CAMPO FIJO DE DESCRIPCIÓN FÍSICA--INFORMACIÓN GENERAL
campo de control de longitud fija t|
008 - DATOS DE LONGITUD FIJA--INFORMACIÓN GENERAL
campo de control de longitud fija 070219s1957 sp ||||1| spa d
080 ## - NÚMERO DE LA CLASIFICACIÓN DECIMAL UNIVERSAL
Número de la Clasificación Decimal Universal 821.111(73)-3"19"(082.2)
245 00 - MENCIÓN DEL TÍTULO
Título Biblioteca de Selecciones.
Número de parte o sección de la obra 4.
260 ## - PUBLICACIÓN, DISTRIBUCIÓN, ETC.
Lugar de publicación, distribución, etc. Madrid :
Nombre del editor, distribuidor, etc. Selecciones del Reader's Digest,
Fecha de publicación, distribución, etc. 1957.
300 ## - DESCRIPCIÓN FÍSICA
Extensión 478 p. :
Otras características físicas il. ;
Dimensiones 20 cm.
490 1# - MENCIÓN DE SERIE
Mención de serie Biblioteca de Selecciones: las obras contemporáneas de mayor éxito ;
Designación de volumen o secuencia 4
505 8# - NOTA DE CONTENIDO CON FORMATO
Nota de contenido con formato Contiene: La viuda negra / por Patrick Quentin . Mi perro Barrabás / por Fred Gipson . Karen / por Marie Killilea . Ley de la selva / por Jim Corbell . En pos de la belleza / por A.J. Cronin
650 #7 - PUNTO DE ACCESO ADICIONAL DE MATERIA--TÉRMINO DE MATERIA
Término de materia o nombre geográfico como elemento de entrada Novela norteamericana
Fuente del encabezamiento o término
9 (RLIN) 146954
700 1# - ENTRADA AGREGADA--NOMBRE PERSONAL
Nombre de persona Quentin, Patrick.
9 (RLIN) 94521
700 1# - ENTRADA AGREGADA--NOMBRE PERSONAL
Nombre de persona Gipson, Fred.
9 (RLIN) 57178
700 1# - ENTRADA AGREGADA--NOMBRE PERSONAL
Nombre de persona Killilea, Marie.
9 (RLIN) 68032
700 1# - ENTRADA AGREGADA--NOMBRE PERSONAL
Nombre de persona Corbett, Jim.
9 (RLIN) 40463
700 1# - ENTRADA AGREGADA--NOMBRE PERSONAL
Nombre de persona Cronin, A. J.
9 (RLIN) 41692
710 2# - ENTRADA AGREGADA--NOMBRE DE ENTIDAD CORPORATIVA
Nombre de entidad corporativa o nombre de jurisdicción como elemento de entrada Selecciones del Reader's Digest.
9 (RLIN) 6545
740 32 - ENTRADA AGREGADA--TÍTULO RELACIONADO/ANALÍTICO NO CONTROLADO
Título relacionado o analítico no controlado La viuda negra.
740 02 - ENTRADA AGREGADA--TÍTULO RELACIONADO/ANALÍTICO NO CONTROLADO
Título relacionado o analítico no controlado Mi perro Barrabás.
740 02 - ENTRADA AGREGADA--TÍTULO RELACIONADO/ANALÍTICO NO CONTROLADO
Título relacionado o analítico no controlado Karen.
740 02 - ENTRADA AGREGADA--TÍTULO RELACIONADO/ANALÍTICO NO CONTROLADO
Título relacionado o analítico no controlado Ley de la selva.
740 02 - ENTRADA AGREGADA--TÍTULO RELACIONADO/ANALÍTICO NO CONTROLADO
Título relacionado o analítico no controlado En pos de la belleza.
830 1# - PUNTO DE ACCESO ADICIONAL DE SERIE-TÍTULO UNIFORME
Título uniforme Biblioteca de Selecciones: las obras contemporáneas de mayor éxito ;
Designación de volumen o secuencia 4
9 (RLIN) 185949
852 4# - LOCALIZACIÓN
Ubicación ES-MaACL
Número de control de estantería E-4206
Holdings
Estatus retirado Estado de pérdida Estado de daño No para préstamo Biblioteca de origen Biblioteca actual Ubicación en estantería Fecha de adquisición Fuente de adquisición Total de préstamos Signatura topográfica completa Código de barras Visto por última vez Precio de reemplazo Tipo de ítem Koha
        Biblioteca del Ateneo de Madrid Biblioteca del Ateneo de Madrid Depósito 2 17/01/2008     E-4206 1119949 23/02/2023 23/02/2023 Libro impreso